La creación del Nuevo Mundo
Uloženo v:
| Hlavní autor: | |
|---|---|
| Médium: | Kniha |
| Jazyk: | španělština |
| Vydáno: |
Madrid
MAPFRE
1991
|
| Edice: | Colección América 92, 1
|
| Témata: | |
| Tagy: |
Přidat tag
Žádné tagy, Buďte první, kdo vytvoří štítek k tomuto záznamu!
|
MARC
| LEADER | 00000nam a2200000 a 4500 | ||
|---|---|---|---|
| 001 | UCX6962 | ||
| 003 | CL-VaPUC | ||
| 008 | 930902e19910000SP |||||||||||||||||spa|d | ||
| 082 | 0 | 4 | |a 980 |b USL |2 21 |
| 100 | 0 | |a Uslar-Pietri, Arturo |e author |9 323664 | |
| 245 | 1 | 3 | |a La creación del Nuevo Mundo |
| 300 | |a 241 p | ||
| 942 | |c BK | ||
| 945 | |d 19930902 00:00:00 | ||
| 260 | |a Madrid |b MAPFRE |c 1991 | ||
| 650 | 0 | |a Civilización |9 255823 | |
| 650 | 0 | |a Colonización |9 265172 | |
| 651 | 0 | |a América Latina |9 255027 | |
| 583 | |a last modification |c 19930902 00:00:00 |k Rodrigo Vera | ||
| 490 | 0 | |a Colección América 92, 1 | |
| 999 | |c 226892 |d 226890 | ||
| 952 | |0 0 |1 0 |4 0 |6 980_000000000000000_USL_1991 |7 0 |8 A |9 225547 |a BIBHIS |b BIBHIS |d 2019-11-15 |i 2942267 |o 980 USL 1991 |p 2942267 |r 2025-01-20 |w 2019-11-15 |y BK |k HIS | ||